आधुनिक हिन्दी कविता में दुरुहता / (Record no. 112024)

MARC details
000 -LEADER
fixed length control field 01063nam a22002657a 4500
005 - DATE AND TIME OF LATEST TRANSACTION
control field 20170124102932.0
010 ## - LIBRARY OF CONGRESS CONTROL NUMBER
LC control number 778473
020 ## - INTERNATIONAL STANDARD BOOK NUMBER
Terms of availability 40.00
035 ## - SYSTEM CONTROL NUMBER
System control number 778473
037 ## - SOURCE OF ACQUISITION
Source of stock number/acquisition Cen Lib/Ret
040 ## - CATALOGING SOURCE
Original cataloging agency DPL
Language of cataloging HN
082 ## - DEWEY DECIMAL CLASSIFICATION NUMBER
Classification number 821.085
Item number वसन्ता
100 ## - MAIN ENTRY--PERSONAL NAME
Personal name वसन्ता, एस.
9 (RLIN) 45531
245 ## - TITLE STATEMENT
Title आधुनिक हिन्दी कविता में दुरुहता /
Statement of responsibility, etc एस.वसन्ता
246 ## - VARYING FORM OF TITLE
Title proper/short title Adhunik hindiu kavita men duroohta /
Remainder of title by S. Vasanta
260 ## - PUBLICATION, DISTRIBUTION, ETC. (IMPRINT)
Place of publication, distribution, etc दिल्ली
Name of publisher, distributor, etc वाणी प्रकाशन
Date of publication, distribution, etc 1975
270 ## - ADDRESS
Address 31 एफ., कमला नगर
City दिल्ली
Postal code 110007
300 ## - PHYSICAL DESCRIPTION
Extent 320पृ.
Dimensions 21सेमी (सजिल्द)
500 ## - GENERAL NOTE
General note ग्रन्थ सूची शामिल
650 ## - SUBJECT ADDED ENTRY--TOPICAL TERM
Topical term or geographic name as entry element हिन्दी साहित्य
9 (RLIN) 45532
650 ## - SUBJECT ADDED ENTRY--TOPICAL TERM
Topical term or geographic name as entry element आधुनिक काव्य
9 (RLIN) 779
650 ## - SUBJECT ADDED ENTRY--TOPICAL TERM
Topical term or geographic name as entry element Hindi literature
9 (RLIN) 45533
650 ## - SUBJECT ADDED ENTRY--TOPICAL TERM
Topical term or geographic name as entry element Modern Poetry
9 (RLIN) 42922
942 ## - ADDED ENTRY ELEMENTS (KOHA)
Source of classification or shelving scheme Dewey Decimal Classification
Koha item type Hindi Books
Classification part 821.08
Call number suffix वसन्ता
Holdings
Withdrawn status Lost status Damaged status Not for loan Home library Current library Date acquired Source of acquisition Cost, normal purchase price Total Checkouts Total Renewals Full call number Barcode Date last seen Date checked out Copy number Cost, replacement price Price effective from Koha item type
        Central Library Central Library 06/08/2015 Cen Lib/Ret 40.00 2 3 821.085 वसन्ता 778473 23/10/2021 11/09/2021 1 40.00 06/08/2015 Hindi Books

© Delhi Public Library
Hit Counter
free hit counter